| 000 | 01925nam a2200409 u 4500 | ||
|---|---|---|---|
| 001 | 000003197 | ||
| 003 | DO-SdBNP | ||
| 005 | 20220304100042.0 | ||
| 008 | 090707s2005 dr 000 0 spa d | ||
| 020 | _a9993487988 | ||
| 040 |
_aDO-SdBNP _bspa _cBNPHU |
||
| 082 | 4 |
_a330.97293 _bC758a _222 |
|
| 245 | 0 | 0 |
_aConstruyendo alianzas estratégicas para el desarrollo : _bRepública Dominicana - Estado de Nueva Yok / _cedición María Elizabeth Rodríguez, Ramona Hernández ; prólogo Dr. Leonel Fernández. |
| 260 |
_aSanto Domingo : _bFundación Global Democracia y Desarrollo, _c2005. |
||
| 300 |
_a412 p. : _bil.; graf. ; _c28 cm. |
||
| 500 | _aIncluye índice de contenido. | ||
| 504 | _aIncluye referencias bibliográficas y notas al pie de las páginas. | ||
| 504 | _aIncluye bibliografía al final de los capítulos. | ||
| 590 | _aInventariado, 2018/ YL | ||
| 650 | 4 |
_aDominicanos en Nueva York _910100 |
|
| 651 | 4 |
_aRepública Dominicana _xEmigración e inmigración _xAspectos sociales _99361 |
|
| 651 | 4 |
_aNueva York (Estado) _xEmigración e inmigración _xAspectos sociales _910101 |
|
| 651 | 4 |
_aRepública Dominicana _xEmigración e inmigración _xAspectos sociales _99361 |
|
| 651 | 4 |
_aNueva York (Estado) _xEmigración e inmigración _xAspectos económicos _910102 |
|
| 651 | 4 |
_aRepública Dominicana _xEmigración e inmigración _xAspectos económicos _99359 |
|
| 651 | 4 |
_aRepública Dominicana _xCondiciones económicas _y1961- _97344 |
|
| 651 | 4 |
_aRepública Dominicana _xCondiciones sociales _y1961- _97345 |
|
| 700 | 1 | 2 |
_aRodríguez, María Elizabeth _eed. _98348 |
| 700 | 1 | 2 |
_aHernández, Ramona _eed. _910103 |
| 700 | 1 | 2 |
_aAbreu, Michelle _etrad. _910104 |
| 700 | 1 | 2 |
_aFernández, Manuel _etrad. _910105 |
| 700 | 1 | 2 |
_aFernández, Marta _etrad. _910106 |
| 700 | 1 | 2 |
_aReinhol, Gloria _etrad. _910107 |
| 700 | 1 | 2 |
_aSaneaux, Sully _etrad. _910108 |
| 910 | _aValidado. Control de calidad MFF | ||
| 942 |
_2ddc _cLBS1 |
||
| 999 |
_c3028 _d3028 |
||